| Tag |
First Indicator |
Second Indicator |
Subfields |
| LEADER |
00000cam a2200000 a 4500 |
| 001 |
in00000076796 |
| 005 |
20151008054935.0 |
| 008 |
810806s1980 ph a b 10000 eng d |
| 035 |
|
|
|a (OCoLC)07644548
|
| 035 |
|
|
|9 AAJ2120AM
|
| 040 |
|
|
|a AGL
|c AGL
|d TXA
|d UtOrBLW
|
| 049 |
|
|
|a TXAM
|c 1 [800797], 2 [A08937575], 3 [A09046288]
|
| 070 |
|
|
|a S599.9.T6P7
|
| 072 |
|
0 |
|a J500
|a F120
|
| 090 |
|
|
|a S599.9.T6
|b P7
|
| 245 |
0 |
0 |
|a Priorities for alleviating soil-related constraints to food production in the tropics /
|c jointly sponsored and published by the International Rice Research Institute and the New York State College of Agriculture and Life Sciences, Cornell University, in cooperation with the University Consortium of Soils for the Tropics.
|
| 264 |
|
1 |
|a Los Banos, Laguna, Philippines :
|b The Institute,
|c 1980.
|
| 300 |
|
|
|a 468 pages :
|b illustrations ;
|c 23 cm.
|
| 336 |
|
|
|a text
|b txt
|2 rdacontent
|
| 337 |
|
|
|a unmediated
|b n
|2 rdamedia
|
| 338 |
|
|
|a volume
|b nc
|2 rdacarrier
|
| 504 |
|
|
|a Includes bibliographical references.
|
| 650 |
|
0 |
|a Soils
|z Tropics
|x Congresses.
|
| 650 |
|
0 |
|a Soil fertility
|v Congresses.
|
| 650 |
|
0 |
|a Crops and soils
|v Congresses.
|
| 650 |
|
0 |
|a Soil management
|v Congresses.
|
| 710 |
2 |
|
|a International Rice Research Institute.
|
| 710 |
2 |
|
|a New York State College of Agriculture and Life Sciences.
|
| 710 |
2 |
|
|a University Consortium on Soils of the Tropics.
|
| 999 |
|
|
|a MARS
|
| 999 |
f |
f |
|s 922d0099-8439-3636-bc3c-11aa77e16dd9
|i 4d632138-356f-332d-8c0f-ef3855a97280
|t 0
|
| 952 |
f |
f |
|p ric
|a Texas A&M University
|b Rellis Campus
|c Joint Library Facility
|d Remote Storage
|t 0
|e S599.9.T6 P7
|h Library of Congress classification
|i unmediated -- volume
|m A14806234191
|
| 998 |
f |
f |
|a S599.9.T6 P7
|t 0
|l Remote Storage
|